000
00323nam a2200145Ia 4500
008
240112s2010 xx 000 0 und d
022
_a
9714065
041
_a
eng
082
_a
616.405
100
_a
SAKHJA
245
_a
INDIAN JOURNAL OF NEPHROLOGY
260
_b
IN
_c
2010
300
_a
229;HB
_c
41730
440
_v
20
999
_c
1143277
_d
1143277